Statistics for Pokemon Abilities Quiz

Click here to take the quiz!

General Stats

  • This quiz has been taken 140 times
  • The average score is 8 of 20

Answer Stats

AbilityPokémon% Correct
DisguiseMimikyu
72%
Swarm, Truant, HustleDurant
71%
Flower Veil, SymbiosisFlabebe, Floette, Florges
66%
Shields-DownMinior
64%
BatteryCharjabug
57%
Flower GiftCherrim
52%
Plus, Minus, Clear BodyKlink, Klang, Klinklang
51%
Hyper Cutter, Sheer Force, Arena TrapTrapinch
50%
Shield Dust, Compound EyesDustox, Vivillon
46%
MagicianHoopa
41%
SynchronizeMew
39%
HydrationPhione, Manaphy
35%
Pickup, Gluttony, Thick FatMunchlax
32%
Static, Motor DriveEmolga
24%
No-GuardMega Pidgeot
19%
Keen Eye, Skill Link, Sheer ForceToucannon
18%
Levitate, FriskDuskull
16%
LightningrodMega Sceptile
10%
Intimidate, UnnerveMasquerain
9%
Quick Feet, Rattled, IntimidateGranbull
6%

Score Distribution

Percentile by Number Answered

Percent of People with Each Score

Your Score History

You have not taken this quiz